|
|
|
|
| LEADER |
00000cas a2200000 a 4500 |
| 001 |
vtls010446907 |
| 003 |
SK-MaSNL |
| 005 |
20260228160342.0 |
| 008 |
120907d20122013xo fr p 0 b0slo |
| 022 |
|
|
|a 1338-7987
|
| 040 |
|
|
|a SVKBB
|b slo
|c SVKBB
|d SNK
|e AACR2
|
| 041 |
0 |
|
|a slo
|
| 044 |
|
|
|a xo
|c SK
|
| 072 |
|
7 |
|a 636
|x Chov zvierat. Živočíšna výroba
|2 konspekt
|
| 080 |
|
|
|a 636.08
|2 2001
|
| 080 |
|
|
|a 050
|2 2001
|
| 080 |
|
|
|a (051)-048.55
|2 2011
|
| 210 |
0 |
|
|a Chovateľské nov.
|b (Bratisl.)
|
| 222 |
|
0 |
|a Chovateľské noviny
|b (Bratislava)
|
| 245 |
0 |
0 |
|a Chovateľské noviny
|b určené pre členov Slovenského zväzu chovateľov a chovateľskú verejnosť
|
| 260 |
|
|
|a Bratislava
|b Slovenský zväz chovateľov
|c 2012-2013
|
| 300 |
|
|
|a 2 zv.
|c 30 cm
|
| 310 |
|
|
|a 2x ročne
|
| 362 |
0 |
|
|a Roč. 1, č. 1 (13. 7. 2012)-roč. 2, č. 2 (2013)
|
| 500 |
|
|
|a Šéfredaktor: 1/201-2/2013, Jarmila Dubravská
|
| 500 |
|
|
|a Evidenčné číslo MK SR: EV 4654/12
|
| 500 |
|
|
|a Báza ISSN/2017 uvádza začiatok vychádzania r. 2011
|
| 650 |
0 |
7 |
|a chovateľstvo
|2 SNKPH
|9 19447
|
| 650 |
0 |
7 |
|a chov zvierat
|2 SNKPH
|9 2803
|
| 655 |
|
7 |
|a špecializované časopisy
|2 SNKPH
|9 70509
|
| 700 |
1 |
|
|a Dubravská, Jarmila
|4 pbd
|9 266472
|
| 910 |
|
|
|a snk
|
| 958 |
|
|
|a OND
|
| 999 |
|
|
|c 2236
|d 4166
|
| 952 |
|
|
|0 0
|1 0
|4 0
|7 0
|8 0
|a SNK
|b SNK
|d 2018-07-03
|i snk2018/14340
|l 0
|o snkČSB 6707/1/2012
|p 17A1326770
|r 2026-02-21 21:31:21
|t č. 1-2 + príl.
|w 2026-02-21
|y PREZ
|z Obsahuje príl.
|
| 952 |
|
|
|0 0
|1 0
|4 0
|7 0
|8 0
|a SNK
|b SNK
|d 2018-07-03
|i snk2018/14340
|l 0
|o snkČSB 6707/2/2013
|p 17A1326785
|r 2026-02-21 22:13:23
|t č. 1-2
|w 2026-02-21
|y PREZ
|
| 952 |
|
|
|0 0
|1 0
|4 0
|7 0
|8 0
|a SNK
|b SNK
|d 2018-07-03
|i snk2018/14352
|l 0
|o snkČSB 6707/1/2012 D1
|p 17A1326786
|r 2026-02-21 22:13:24
|t č. 1-2, neúplné
|w 2026-02-21
|y PREZ
|z Chýba č. 1
|
| 952 |
|
|
|0 0
|1 0
|4 0
|7 1
|8 0
|a SNK
|b SNK
|d 2018-07-03
|i snk2018/14352
|l 0
|o snkČSB 6707/2/2013 D1
|p 17A1326784
|r 2026-02-21 22:13:24
|t č. 1-2
|w 2026-02-21
|y NEVYP
|